Ivdu et YHVH be-simhah = (Запис № 513491)

МАРК-запис
000 -LEADER
fixed length control field 01650cam a2200313La 4500
001 - CONTROL NUMBER
control field ivduetyhvhbesimh00zasl
003 - CONTROL NUMBER IDENTIFIER
control field CaSfIA
005 - DATE AND TIME OF LATEST TRANSACTION
control field 20210118104036.0
007 - PHYSICAL DESCRIPTION FIXED FIELD--GENERAL INFORMATION
fixed length control field cr||||
008 - FIXED-LENGTH DATA ELEMENTS--GENERAL INFORMATION
fixed length control field 050414s1997 oru 001 0 eng d
040 ## - CATALOGING SOURCE
Original cataloging agency CLHU
Transcribing agency AF#
Modifying agency CaSfIA
066 ## - CHARACTER SETS PRESENT
Alternate G0 or G1 character set (2
035 ## - SYSTEM CONTROL NUMBER
System control number (OCoLC)122820965
041 1# - LANGUAGE CODE
Language code of text/sound track or separate title engheb
Language code of original and/or intermediate translations of text heb
130 0# - MAIN ENTRY--UNIFORM TITLE
Uniform title Siddur (Zaslow).
Language of a work English & Hebrew.
245 10 - TITLE STATEMENT
Medium [electronic resource]
Linkage 880-01
Title Ivdu et YHVH be-simhah =
Remainder of title Ivdu et Hashem b'simcha : serving the Holy One with joy through Jewish songs, chants, hymns, prayers, blessings, meditations, poems, and teachings : a siddur for spiritual renewal /
Statement of responsibility, etc compiled and edited by David Zaslow.
246 30 - VARYING FORM OF TITLE
Title proper/short title Siddur for spiritual renewal
246 31 - VARYING FORM OF TITLE
Title proper/short title Ivdu et Hashem b'simcha
260 ## - PUBLICATION, DISTRIBUTION, ETC. (IMPRINT)
Place of publication, distribution, etc [Ashland, Or. :
Name of publisher, distributor, etc D. Zaslow,
Date of publication, distribution, etc 1997]
300 ## - PHYSICAL DESCRIPTION
Extent [236] p. ;
Dimensions 28 cm.
500 ## - GENERAL NOTE
General note Includes index.
506 ## - RESTRICTIONS ON ACCESS NOTE
Standardized terminology for access restriction Необхідна авторизація на https://archive.org/ (створення облікового запису безкоштовно)
506 ## - RESTRICTIONS ON ACCESS NOTE
Standardized terminology for access restriction Необхідна авторизація на https://openlibrary.org/ (створення облікового запису безкоштовно)
650 #0 - SUBJECT ADDED ENTRY--TOPICAL TERM
Topical term or geographic name as entry element Jewish renewal.
700 1# - ADDED ENTRY--PERSONAL NAME
Personal name Zaslow, David,
Titles and other words associated with a name Rabbi.
856 41 - ELECTRONIC LOCATION AND ACCESS
Uniform Resource Identifier <a href="http://www.archive.org/details/ivduetyhvhbesimh00zasl">http://www.archive.org/details/ivduetyhvhbesimh00zasl</a>
Public note Free eBook from the Internet Archive
880 10 - ALTERNATE GRAPHIC REPRESENTATION
Linkage 245-01/(2
a
b Ivdu et Hashem b'simcha : serving the Holy One with joy through Jewish songs, chants, hymns, prayers, blessings, meditations, poems, and teachings : a siddur for spiritual renewal /
c compiled and edited by David Zaslow.
942 ## - ADDED ENTRY ELEMENTS (KOHA)
Koha item type ЕКнига

Немає доступних примірників.